| 000 | 01169nam a2200241 4500 | ||
|---|---|---|---|
| 001 | 6040 | ||
| 010 | _a9789722419376 | ||
| 021 | _b461829/19 | ||
| 090 | _a6040 | ||
| 100 | _a20251001e2019 c||y0pory50030103ba | ||
| 200 | 1 |
_aO protesto do Lobo Mau _fMaria Leitão _gil. Pedro Velho |
|
| 210 | 9 |
_a[S.l. _cs.n.], _d2019 |
|
| 215 |
_a49 p. _cil. |
||
| 330 | _aHá um dia, na história do Lobo Mau, em que nada parece fazer sentido. Quem é aquele urso a fazer-se passar por Capuchinho Vermelho? E o que está uma rã a fazer na sua história? Porque será que já não se lembra do caminho para a casa da Avozinha? E pior: porque estará ele a ser tão manso, se antes era tão feroz? Nestas páginas, cheias de imprevistos, nada acontece como se imagina. São muitos os desafios que o Lobo vai ter de ultrapassar, mas nesta caminhada irá fazer uma grande descoberta.. | ||
| 606 |
_914 _aLiteratura infantil |
||
| 606 |
_915 _aLiteratura Portuguesa |
||
| 675 |
_a82-93 _vBN _zpor |
||
| 675 |
_a821.134.3 _vBN _zpor |
||
| 700 |
_aLeitão _bMaria _f1985- _93693 |
||
| 702 |
_aVelho _bPedro _f1991- _95732 |
||
| 801 | 0 |
_aPT _bBEN2VN _gRPC |
|
| 830 |
_cTânia Croca _d01/10/2025 |
||
| 990 | _cLIVROS | ||